| 000 | 00489nam a2200145Ia 4500 | ||
|---|---|---|---|
| 999 |
_c16884 _d16884 |
||
| 082 | _aRP 0287 | ||
| 100 | _aPrakasam, Seepana | ||
| 245 | 0 |
_aMarketing problems and socio-economic status of migrant urban street vendors: _bcase study of Chandigarh |
|
| 260 |
_c2013 _bIndian Council of Social Science Research, New Delhi |
||
| 300 | _av.p | ||
| 650 | _aMARKETS - SOCIAL ASPECTS - CHANDIGARH | ||
| 650 | _aMARKETING - CHANDIGARH | ||
| 650 | _aSTREET VENDORS - CHANDIGARH | ||
| 942 |
_cRP _2ddc |
||